| 000 | 00802nam a2200217Ia 4500 | ||
|---|---|---|---|
| 005 | 20241129111220.0 | ||
| 008 | 241129s9999||||xx |||||||||||||| ||und|| | ||
| 020 | _a978-81-8315-376-8 | ||
| 037 | _aREF | ||
| 040 |
_aCRL _beng _cCRL |
||
| 041 |
_asan _2san |
||
| 084 |
_aP15p27136,N19 15R0.10(RR) _qCRL |
||
| 100 |
_aBhagwat Kartik Au.; Bhatt Shriganeshdevru Au.; Warkhedi Shriniwas Ed.; Penna Madhusudhan Ed. _9723673 |
||
| 245 | 0 |
_aAll India oriental conference _cBhagwat Kartik Au.; Bhatt Shriganeshdevru Au.; Warkhedi Shriniwas Ed.; Penna Madhusudhan Ed. |
|
| 260 |
_aDelhi, India _bNew Bhartiya Book Co. _c2020 |
||
| 300 | _a172p. | ||
| 365 |
_aINR _b335 |
||
| 650 |
_aSanskrit Language _91031 |
||
| 942 |
_cREF _hP15p27136,N19 15R0.10(RR) |
||
| 999 |
_c1229419 _d1229419 |
||